موسوعة التحف المعدنية الاسلامية / (Record no. 59832)
[ view plain ]
| 000 -الفاتح | |
|---|---|
| حقل البيانات ثابتة الطول | 02228nam a22003857a 4500 |
| 005 - وقت وتاريخ اخر تعامل مع التسجيلة | |
| رقم الضبط | 20240530110338.0 |
| 008 - عناصر البيانات ثابتة الطول - معلومات عامة | |
| حقل البيانات ثابتة الطول | 141023s2010 ua pf fr 000 0dara d |
| 017 ## - رقم الايداع القانونى | |
| رقم الايداع القانونى | 16853/2009 |
| 020 ## - الرقم الدولى المعيارى للكتب | |
| الرقم الدولى المعيارى للكتاب | 9771025368 |
| 040 ## - مصدر الفهرسة | |
| وكالة الفهرسة الأصلية | EG-CaGPL |
| 082 04 - رقم تصنيف ديوى العشرى | |
| رقم الطبعة | 21 |
| رقم التصنيف | 739\ |
| رقم المادة | ن م |
| 100 0# - المدخل الرئيسى - إسم شخصى | |
| الإسم الشخصى | نبيل على يوسف |
| الدور | مؤلف |
| 245 10 - بيان العنوان | |
| العنوان | موسوعة التحف المعدنية الاسلامية / |
| بيان المسئوليه,etc | نبيل على يوسف |
| رقم الجزء/قسم العمل | المجلد الاول ، |
| اسم جزء/قسم العمل | ايران منذ ما قبل الاسلام وحتى نهاية العصر الصفوى |
| رقم الجزء/قسم العمل | المجلد الثانى ، |
| اسم جزء/قسم العمل | مصر منذ ما قبل الفتح الاسلامى وحتى نهاية العصر المملوكى |
| رقم الجزء/قسم العمل | المجلد الثالث ، |
| اسم جزء/قسم العمل | بلاد الشام منذ ما قبل الاسلام وحتى نهاية العصر المملوكى |
| 250 ## - بيان الطبعة | |
| بيان الطبعة | ط 1 |
| 260 ## - PUBLICATION, DISTRIBUTION, ETC. (IMPRINT) | |
| تاريخ النشر أو التوزيع | 2010 |
| 300 ## - الوصف المادى | |
| التعداد | 400 ص : |
| تفاصيل ماديه اخرى للوعاء | ايض ؛ |
| أبعاد الوعاء | 24 سم |
| 650 04 - المدخل الاضافى بالموضوع-مصطلح موضوعى | |
| مصطلح موضوعي | اشغال المعادن |
| التقسيم الفرعي الزمني | العصر المملوكى |
| التقسيم الفرعي الجغرافي | بلاد الشام |
| 650 04 - المدخل الاضافى بالموضوع-مصطلح موضوعى | |
| مصطلح موضوعي | الاسلحة المعدنية |
| التقسيم الفرعي الزمني | العصر المملوكى |
| التقسيم الفرعي الجغرافي | سوريا |
| 650 04 - المدخل الاضافى بالموضوع-مصطلح موضوعى | |
| مصطلح موضوعي | محارق البخور |
| 650 04 - المدخل الاضافى بالموضوع-مصطلح موضوعى | |
| مصطلح موضوعي | اشغال المعادن |
| التقسيم الفرعي الزمني | عصر ما قبل الاسلام |
| التقسيم الفرعي الجغرافي | بلاد الشام |
| 650 04 - المدخل الاضافى بالموضوع-مصطلح موضوعى | |
| مصطلح موضوعي | اشغال الفضه |
| التقسيم الفرعي الزمني | عصر ما قبل الاسلام |
| التقسيم الفرعي الجغرافي | بلاد الشام |
| 650 04 - المدخل الاضافى بالموضوع-مصطلح موضوعى | |
| مصطلح موضوعي | اشغال الذهب |
| التقسيم الفرعي الزمني | عصر ما قبل الاسلام |
| التقسيم الفرعي الجغرافي | بلاد الشام |
| 650 04 - المدخل الاضافى بالموضوع-مصطلح موضوعى | |
| مصطلح موضوعي | اشغال المعادن |
| التقسيم الفرعي الزمني | العصر الاموى |
| التقسيم الفرعي الجغرافي | بلاد الشام |
| 650 04 - المدخل الاضافى بالموضوع-مصطلح موضوعى | |
| مصطلح موضوعي | اشغال المعادن |
| التقسيم الفرعي الزمني | العصر السلجوقى |
| التقسيم الفرعي الجغرافي | ايران |
| 650 04 - المدخل الاضافى بالموضوع-مصطلح موضوعى | |
| مصطلح موضوعي | الفن الاسلامى |
| التقسيم الفرعي العام | تاريخ |
| التقسيم الفرعي الزمني | العصر الاموى |
| 650 04 - المدخل الاضافى بالموضوع-مصطلح موضوعى | |
| مصطلح موضوعي | الاسلحة |
| التقسيم الفرعي الزمني | العصر الاموى |
| 650 04 - المدخل الاضافى بالموضوع-مصطلح موضوعى | |
| مصطلح موضوعي | الجامع الاموى الكبير |
| 650 04 - المدخل الاضافى بالموضوع-مصطلح موضوعى | |
| مصطلح موضوعي | اشغال المعادن |
| التقسيم الفرعي الزمني | العصر الفاطمى |
| التقسيم الفرعي الجغرافي | بلاد الشام |
| 650 04 - المدخل الاضافى بالموضوع-مصطلح موضوعى | |
| مصطلح موضوعي | الحلى |
| التقسيم الفرعي الجغرافي | بلاد الشام |
| 650 04 - المدخل الاضافى بالموضوع-مصطلح موضوعى | |
| مصطلح موضوعي | الاباريق |
| 650 04 - المدخل الاضافى بالموضوع-مصطلح موضوعى | |
| مصطلح موضوعي | اشغال المعادن |
| التقسيم الفرعي الزمني | العصر الايوبى |
| التقسيم الفرعي الجغرافي | سوريا |
| 650 04 - المدخل الاضافى بالموضوع-مصطلح موضوعى | |
| مصطلح موضوعي | اشغال المعادن |
| التقسيم الفرعي الزمني | العصر الايوبى |
| التقسيم الفرعي الجغرافي | بلاد الشام |
| 942 ## - عناصر المدخل الإضافي( كوها) | |
| مصدر التصنيف او مخطط الترفيف | Dewey Decimal Classification |
| Koha [default] item type | كتاب |
| 260 ## - PUBLICATION, DISTRIBUTION, ETC. (IMPRINT) | |
| -- | القاهرة : |
| -- | دار الفكر العربى ، |
| حالة التراجع | حالة الفقد | حالة تلف | ليس للاعارة | المكان المؤقت | الموقع الحالى | تاريخ الاكتساب | اجمالي اﻻعارات | رقم الطلب | الباركود | تاريخ اخر مشاهدة | تاريخ تفعيل السعر | نوع وعاء كوها |
|---|---|---|---|---|---|---|---|---|---|---|---|---|
| مكتبة القاهرة الكبرى | مكتبة القاهرة الكبرى | 10/23/2014 | 739\ ن م | 158788 | 10/23/2014 | 10/23/2014 | كتاب | |||||
| مكتبة القاهرة الكبرى | مكتبة القاهرة الكبرى | 12/21/2014 | 739\ ن م | 159040 | 12/21/2014 | 12/21/2014 | كتاب | |||||
| مكتبة القاهرة الكبرى | مكتبة القاهرة الكبرى | 12/21/2014 | 739\ ن م | 159041 | 12/21/2014 | 12/21/2014 | كتاب |

